| 000 | 00369nam a22001457a 4500 | ||
|---|---|---|---|
| 003 | OSt | ||
| 005 | 20160727222421.0 | ||
| 008 | 160628b xxu||||| |||| 00| 0 eng d | ||
| 040 | _cTEST | ||
| 100 |
_91275 _aReader's Digest |
||
| 245 | _aThe Last Two Million Years | ||
| 260 |
_aNEW YORK _bREADER'S DIGEST _c1973 |
||
| 300 | _aThe Last Two Million Years | ||
| 942 |
_2ddc _cBK |
||
| 999 |
_c1043 _d1043 |
||